Les plus grands stades de football d'Europe - Statistiques

Statistiques générales
  • Ce quiz a été pris 176 fois
  • Le résultat moyen est 8 sur 20
Statistiques - réponses
Pays Stade Capacité % Correct
Espagne Camp Nou 105,000
96%
France Stade de France 80,698
89%
Espagne Santiago Bernabéu 83,186
88%
Allemagne Allianz Arena 75,024
77%
Italie San Siro 80,018
76%
Royaume-Uni Wembley Stadium 90,652
75%
Royaume-Uni Old Trafford 74,431
67%
France Stade Vélodrome 67,394
67%
Allemagne Signal Iduna Park(Westfalenstadion) 81,365
47%
Italie Stadio Olimpico 67,585
18%
Espagne Metropolitano Stadium 70,460
16%
Allemagne Olympiastadion Berlin 74,461
14%
Hongrie Puskás Aréna 67,155
10%
Portugal Estadio da Luz 64,642
9%
Royaume-Uni London Stadium 68,013
7%
Russie Luzhniki Stadium 78,011
3%
Turquie Atatürk Olympic Stadium 77,563
1%
Gréce Athens Olympic Stadium (OAKA) 72,080
1%
Royaume-Uni Principality Stadium (Millennium Stadium) 73,952
1%
Ukraine NSC Olimpiyskiy 70,050
0%
Aucun quiz correspondant
Distribution des résultats
% des personnes avec chaque résultat
Percentile par nombre de réponses
Votre historique - résultats
Vous n’avez pas pris ce quiz